Esperanza (Record no. 162950)

MARC details
000 -LEADER
campo de control de longitud fija 00854nam a22001815i 4500
001 - NÚMERO DE CONTROL
campo de control 162950
003 - IDENTIFICADOR DE NÚMERO DE CONTROL
campo de control ES-MaACL
005 - FECHA Y HORA DE LA ÚLTIMA TRANSACCIÓN
campo de control 20250715063127.0
008 - DATOS DE LONGITUD FIJA--INFORMACIÓN GENERAL
campo de control de longitud fija 951113s1872 sp |||| | spa d
040 ## - FUENTE DE CATALOGACIÓN
Centro catalogador/agencia de origen AS
Lengua de catalogación spa
Centro/agencia transcriptor CCPB | SIC
100 1# - ENTRADA PRINCIPAL--NOMBRE DE PERSONA
Nombre de persona Ramos Carrión, Miguel,
Fechas asociadas al nombre 1848-1915
9 (RLIN) 95293
245 10 - MENCIÓN DEL TÍTULO
Título Esperanza
Resto del título : balada lírico-dramática en dos actos y en verso /
Mención de responsabilidad, etc. original de Miguel Ramos Carrión ; música del maestro Cereceda.
260 ## - PUBLICACIÓN, DISTRIBUCIÓN, ETC.
Lugar de publicación, distribución, etc. Madrid :
Nombre del editor, distribuidor, etc. [s.n.],
Fecha de publicación, distribución, etc. 1872 (
Fabricante Imp. de José Rodríguez)
300 ## - DESCRIPCIÓN FÍSICA
Extensión 47 p. ;
Dimensiones 21 cm.
700 11 - ENTRADA AGREGADA--NOMBRE PERSONAL
Nombre de persona Cereceda, Guillermo (
Fechas asociadas al nombre 1844-1919)
9 (RLIN) 126419
852 ## - LOCALIZACIÓN
Ubicación ES-MaACL
Número de control de estantería F-8562(2)
Nota libre -- Enc. pasta española
-- -- Ex-libris ms. de San Martín
condición física -- Falto de la cub. original
Nota libre -- Enc. en un vol. facticio formando parte de la col. facticia "Teatro español moderno", vol. 14
Holdings
Estatus retirado Estado de pérdida Estado de daño No para préstamo Colección Biblioteca de origen Biblioteca actual Ubicación en estantería Fecha de adquisición Total de préstamos Signatura topográfica completa Código de barras Visto por última vez Precio de reemplazo Tipo de ítem Koha
        Libros del s. XIX Biblioteca del Ateneo de Madrid Biblioteca del Ateneo de Madrid Sala Pecera Planta 2 17/01/2008   F-8562(2) 1170730 23/02/2023 23/02/2023 Libro impreso antiguo